(22) - 50 villes les plus peuplées des Côtes-d'Armor (22) - Statistiques

Statistiques générales
  • Ce quiz a été pris 24 fois
  • Le résultat moyen est 18 sur 50
Statistiques - réponses
nombre d'habitant ville % Correct
7 111 Guingamp
95%
20 315 Lannion
95%
44 364 Saint-Brieuc
90%
7 336 Perros-Guirec
81%
14 764 Dinan
76%
17 241 Lamballe-Armor
76%
14 425 Plérin
62%
3 974 Erquy
57%
7 341 Paimpol
57%
9 987 Loudéac
52%
11 507 Ploufragan
52%
3 282 Rostrenen
52%
3 224 Saint-Quay-Portrieux
52%
3 371 Saint-Cast-le-Guildo
48%
5 074 Yffiniac
48%
7 939 Langueux
43%
8 450 Trégueux
43%
3 988 Pléneuf-Val-André
38%
7 454 Pordic
38%
4 889 Bégard
33%
2 943 Broons
33%
4 335 Hillion
33%
6 933 Plédran
33%
3 639 Plestin-les-Grèves
33%
4 634 Plouha
33%
5 414 Ploumagoar
33%
4 291 Lanvallay
29%
6 556 Le Mené
29%
3 848 Pleumeur-Bodou
29%
3 974 Châtelaudren-Plouagat
24%
3 139 Merdrignac
24%
4 602 Plaintel
24%
3 821 Trébeurden
24%
7 041 Binic-Étables-sur-Mer
19%
3 104 Plancoët
19%
3 344 Plélo
19%
3 147 Plouézec
19%
3 955 Quévert
19%
3 764 Plémet
14%
4 103 Plœuc-L'Hermitage
14%
2 932 Ploubazlanec
14%
3 780 Ploubezre
14%
3 416 Plouër-sur-Rance
14%
3 969 Quessoy
14%
2 865 Trélivan
14%
4 498 Beaussais-sur-Mer
10%
3 019 Louannec
10%
4 065 Pleslin-Trigavou
10%
2 924 Pleudihen-sur-Rance
5%
2 844 Val-d'Arguenon
0%
Aucun quiz correspondant
Distribution des résultats
% des personnes avec chaque résultat
Percentile par nombre de réponses
Votre historique - résultats
Vous n’avez pas pris ce quiz